<?xml version="1.0" encoding="UTF-8"?>
<record
    xmlns:xsi="http://www.w3.org/2001/XMLSchema-instance"
    xsi:schemaLocation="http://www.loc.gov/MARC21/slim http://www.loc.gov/standards/marcxml/schema/MARC21slim.xsd"
    xmlns="http://www.loc.gov/MARC21/slim">

  <leader>00949nam a2200253 a 4500</leader>
  <controlfield tag="001">BRL_1916</controlfield>
  <controlfield tag="005">20190320211432.0</controlfield>
  <controlfield tag="008">180815s1921----gw-#######---#000-0#ger-#</controlfield>
  <datafield tag="041" ind1=" " ind2=" ">
    <subfield code="a">gerfre</subfield>
  </datafield>
  <datafield tag="044" ind1=" " ind2=" ">
    <subfield code="a">gw</subfield>
  </datafield>
  <datafield tag="050" ind1=" " ind2="4">
    <subfield code="a">PC2129.G3</subfield>
    <subfield code="b">.O88 1921</subfield>
  </datafield>
  <datafield tag="100" ind1="1" ind2=" ">
    <subfield code="a">Otto, Emil</subfield>
    <subfield code="9">28226</subfield>
  </datafield>
  <datafield tag="245" ind1="1" ind2="0">
    <subfield code="a">Kleine franz&#xF6;sische Sprachlehre f&#xFC;r real, mittel und b&#xFC;rgerschulen, erweiterte dolks, fortbildungs und handelsschelen, f&#xFC;r privat lehranstalten</subfield>
    <subfield code="c">von Dr. Emil Otto : neubearbeitet von professor Gottfried S&#xFC;pfle.</subfield>
  </datafield>
  <datafield tag="260" ind1=" " ind2=" ">
    <subfield code="a">Heidelberg</subfield>
    <subfield code="b">Julius Groos, Derlag</subfield>
    <subfield code="c">1921</subfield>
  </datafield>
  <datafield tag="300" ind1=" " ind2=" ">
    <subfield code="a">xi, 326 p.</subfield>
    <subfield code="c">20 cm.</subfield>
    <subfield code="e">+ 1 folleto de abreviatura (48 p.- 19 cm)</subfield>
  </datafield>
  <datafield tag="440" ind1=" " ind2="0">
    <subfield code="a">Methode Gaspen Otto Sauer</subfield>
    <subfield code="9">28227</subfield>
  </datafield>
  <datafield tag="500" ind1=" " ind2=" ">
    <subfield code="a">Au2149</subfield>
  </datafield>
  <datafield tag="500" ind1=" " ind2=" ">
    <subfield code="a">Estado f&#xED;sico: Falta parte del lomo.</subfield>
  </datafield>
  <datafield tag="500" ind1=" " ind2=" ">
    <subfield code="a">Texto: Alem&#xE1;n y frances</subfield>
  </datafield>
  <datafield tag="650" ind1="1" ind2="4">
    <subfield code="a">Frances</subfield>
    <subfield code="x">Libros de lectura - Alem&#xE1;n</subfield>
    <subfield code="9">28228</subfield>
  </datafield>
  <datafield tag="650" ind1="1" ind2="4">
    <subfield code="a">Frances</subfield>
    <subfield code="x">Gram&#xE1;tica</subfield>
    <subfield code="9">28229</subfield>
  </datafield>
  <datafield tag="902" ind1=" " ind2=" ">
    <subfield code="a">GRL</subfield>
  </datafield>
  <datafield tag="942" ind1=" " ind2=" ">
    <subfield code="2">lcc</subfield>
    <subfield code="c">B</subfield>
  </datafield>
  <datafield tag="999" ind1=" " ind2=" ">
    <subfield code="c">10724</subfield>
    <subfield code="d">10724</subfield>
  </datafield>
  <datafield tag="952" ind1=" " ind2=" ">
    <subfield code="0">0</subfield>
    <subfield code="1">0</subfield>
    <subfield code="4">0</subfield>
    <subfield code="7">0</subfield>
    <subfield code="a">BRL</subfield>
    <subfield code="b">BRL</subfield>
    <subfield code="d">2015-08-18</subfield>
    <subfield code="i">Au2149</subfield>
    <subfield code="l">0</subfield>
    <subfield code="o">PC2129.G3 .O88 1921 (Au2149)</subfield>
    <subfield code="p">GRL02123</subfield>
    <subfield code="r">2019-03-22 00:00:00</subfield>
    <subfield code="w">2019-03-22</subfield>
    <subfield code="y">B</subfield>
  </datafield>
</record>
